Culture générale - Géographie - Série 11 - Statistiques

Statistiques générales
  • Ce quiz a été pris 228 fois
  • Le résultat moyen est 4 sur 10
Statistiques - réponses
Question Réponses % Correct
Quelle est la capitale de l'Afghanistan ? Kaboul
87%
A quel pays appartient l'île de Corfou ? Grèce
73%
Avec 24 millions d'habitants, elle est la ville la plus peuplée d'Afrique Le Caire
63%
De quelle autre capitale européenne Vienne est-elle la plus proche ? Bratislava
57%
Région géographique située dans la partie méridionale du continent sud-américain, entre le Chili et l'Argentine Patagonie
40%
Fleuve ibérique se jetant dans l'Océan Atlantique à Lisbonne Tage
39%
Mer située entre la péninsule de Corée et la Chine Mer Jaune
38%
Plus grande ville de l'île du sud, en Nouvelle-Zélande Christchurch
25%
Portion du continent africain située entre le Soudan et l’Égypte et qui possède la particularité de n'être revendiquée par aucun de ces 2 pays Bir Tawil
3%
Région anciennement tchécoslovaque rattachée à l'URSS en 1945 Ruthénie subcarpatique
2%
Aucun quiz correspondant
Distribution des résultats
% des personnes avec chaque résultat
Percentile par nombre de réponses
Votre historique - résultats
Vous n’avez pas pris ce quiz